Paroles - Siffler sur la colline - Joe Dassin - Statistiques

Statistiques générales
  • Ce quiz a été pris 191 fois
  • Le résultat moyen est 150 sur 195
Statistiques - réponses
Réponse % Correct
la
98%
À
96%
à
96%
de
96%
De
96%
Elle
96%
elle
96%
sifflé
95%
colline
94%
dit
94%
m'a
94%
sur
94%
bouquet
93%
un
93%
avec
91%
là-haut
90%
là)haut
90%
d'aller
89%
petit
89%
j'ai
88%
J'ai
88%
jamais
88%
l'attendre
88%
n'est
88%
siffler
87%
d'églantines
86%
venue
86%
attendu
85%
pu
85%
que
85%
Que
85%
tant
85%
et
83%
Et
83%
des
79%
Je
78%
je
78%
fleurs
75%
cueilli
73%
du
69%
me
68%
les
67%
qu'à
67%
ses
66%
une
62%
jolies
61%
l'ai
60%
jour
59%
pommier
58%
qui
58%
vu
58%
ai
57%
lui
57%
Quand
57%
quand
57%
qu'elle
57%
en
56%
village
56%
dents
55%
bergères
54%
blanches
54%
pomme
54%
rend
54%
aussi
53%
être
53%
Mais
53%
voudrais
53%
brebis
51%
chaque
51%
dans
51%
fois
51%
y
51%
passe
50%
dedans
49%
foire
49%
mordre
49%
suspendue
49%
tout
49%
c'est
48%
montrant
48%
près
48%
d'un
47%
demandé
46%
gardait
46%
qu'avec
46%
sa
46%
rosée
45%
rouler
45%
vienne
45%
est
42%
soupiré
42%
laurier
41%
d'où
39%
peau
39%
venait
39%
fraîche
34%
passée
32%
Aucun quiz correspondant
Distribution des résultats
% des personnes avec chaque résultat
Percentile par nombre de réponses
Votre historique - résultats
Vous n’avez pas pris ce quiz